01102 a2200181 45000010006000000050017000060080041000230030015000640400040000790800040001192450084001590200018002432640096002613000019003575050510003760410008008861000026008945943120260407155848.0260407a2006 arg spa dAR-UNSa-BCEJYS aAR-UNSa-BCEJYSbspacAR-UNSa-BCEJYS a929:330xBiografía de Economistas10aFernando FajnzylberpUna visión renovadora del desarrollo de América Latina a92-1-322963-1 1aSantiago de Chile :bCEPAL (Comisión Económica para América Latina y el Caribe)c2006 a415 p.c23 cm. a1. El propósito de este libro - 2. Fernando Fajnzylber y su tiempo (1940-1991) – 3. Viaje por el pensamiento y obra de Fajnzylber – 4. Fernando Fajnzylber: su visión del desarrollo productivo y empresarial en América Latina (1970-1976) – 5. Estilos de crecimiento: experiencias internacionales comparativas (1977-1991) – 6. Conceptos esenciales en la obra de Fajnzylber (1977-1988) – 7. La transformación productiva con equidad: la conclusión del pensamiento de Fajnzylber (1989-1991)  aspa1 aTorres Olivos, Miguel